000 00481nam a2200193 a 4500
005 20220905063539.0
008 991125 mx 000 0 spa u
020 _a9683500498
035 _aUPN01000036870
049 _aCG
050 4 _aPQ8179 I8
_bM37
100 1 _aIsaacs, Jorge,
_d1837-1895
_928773
245 1 0 _aMaría /
_cJorge Isaacs
260 _aMéxico :
_bUniverso
300 _a312 p.
650 0 _aNovela colombiana
_95359
904 _aAC
_b036871
905 _aLibro
999 _c36870
_d36870